| 000 | 00352nam a2200145Ia 4500 | ||
|---|---|---|---|
| 005 | 20251222153640.0 | ||
| 008 | 251222s9999||||xx |||||||||||||| ||spa|| | ||
| 020 | _a8481090255 | ||
| 082 | _a616.8/S37 | ||
| 100 | _aSellin, Birger | ||
| 245 | 0 | _aQuiero dejar de ser un Dentrodemi | |
| 250 | _a1ra.ed. | ||
| 264 | _bCĂrculo de Lectores | ||
| 942 | _cLIB | ||
| 999 |
_c32697 _d32697 |
||